[Event "HUN-chT2 Toth 0809"]
[Site "Hungary"]
[Date "2009.01.25"]
[Round "6.10"]
[White "Csokay, Miklos"]
[Black "Csibor, Andras"]
[Result "0-1"]
[WhiteElo "1448"]
[BlackElo "2018"]
[PlyCount "66"]
[EventDate "2008.10.26"]
[EventType "team-tourn"]
[EventRounds "11"]
[EventCountry "HUN"]
[SourceTitle "EXT 2010"]
[Source "ChessBase"]
[SourceDate "2010.11.25"]
[SourceVersion "1"]
[SourceVersionDate "2010.11.25"]
[SourceQuality "1"]
[WhiteTeam "Vasarhelyi"]
[BlackTeam "Mako II"]
[WhiteTeamCountry "HUN"]
[BlackTeamCountry "HUN"]

1. e4 e6 2. d4 d5 3. e5 c5 4. c3 Nc6 5. Nf3 Qb6 6. Bd3 Nge7 7. 0-0 Ng6 8. dxc5 Bxc5 9. b4 Be7 10. Be3 Qc7 11. Re1 Ncxe5 12. Nxe5 Nxe5 13. Bf4 Bd6 14. Bb5+ Bd7 15. Bxd7+ Nxd7 16. Bxd6 Qxd6 17. Qd4 0-0 18. Re3 e5 19. Qg4 f5 20. Qd1 Nf6 21. Nd2 Rac8 22. Rc1 Rc7 23. Nb3 Rfc8 24. Qe1 Ng4 25. Rf3 e4 26. Rg3 d4 27. Qd2 d3 28. Nd4 Qxd4 29. h3 Rxc3 30. Rxc3 Qxc3 31. Qxc3 Rxc3 32. hxg4 Rc1+ 33. Kh2 d2 0-1